[Event "HUN-chT2 Asztalos 1516"]
[Site "Hungary"]
[Date "2015.10.04"]
[Round "2.9"]
[White "Fehervari, Istvan"]
[Black "Palfi, Peter"]
[Result "1/2-1/2"]
[WhiteElo "1960"]
[BlackElo "1825"]
[PlyCount "40"]
[EventDate "2015.09.13"]
[EventType "team-tourn"]
[EventRounds "11"]
[EventCountry "HUN"]
[SourceTitle "CBM 170 Extra"]
[Source "ChessBase"]
[SourceDate "2016.02.25"]
[SourceVersion "1"]
[SourceVersionDate "2016.02.25"]
[SourceQuality "1"]
[WhiteTeam "Fehervar"]
[BlackTeam "Marcali"]
[WhiteTeamCountry "HUN"]
[BlackTeamCountry "HUN"]

1. d4 Nf6 2. Nf3 d6 3. c4 g6 4. Nc3 Bg7 5. e4 Bg4 6. Be2 Nbd7 7. h3 Bxf3 8. Bxf3 e5 9. d5 0-0 10. Bg5 h6 11. Be3 Kh7 12. g4 Rh8 13. Qd2 Kg8 14. 0-0-0 Nb6 15. Be2 Qe8 16. f3 h5 17. h4 Qd7 18. Rdg1 Na4 19. Nxa4 Qxa4 20. Kb1 a6 1/2-1/2

[Event "HUN-chT2 Asztalos 1314"]
[Site "Hungary"]
[Date "2014.04.27"]
[Round "9"]
[White "Varga, Richard"]
[Black "Fehervari, Istvan"]
[Result "1-0"]
[WhiteElo "1968"]
[BlackElo "1971"]
[PlyCount "55"]
[EventDate "2013.09.08"]
[EventType "team-tourn"]
[EventRounds "9"]
[EventCountry "HUN"]
[SourceTitle "EXT 2016"]
[Source "ChessBase"]
[SourceDate "2015.10.08"]
[SourceVersion "1"]
[SourceVersionDate "2015.10.08"]
[SourceQuality "1"]
[WhiteTeam "Nagyatad"]
[BlackTeam "Fehervar"]
[WhiteTeamCountry "HUN"]
[BlackTeamCountry "HUN"]

1. e4 e5 2. Nf3 Nc6 3. Bb5 a6 4. Ba4 Nf6 5. 0-0 Be7 6. c3 b5 7. Bc2 d6 8. h3 0-0 9. d4 exd4 10. cxd4 Nb4 11. Bb3 c5 12. a3 Nc6 13. Re1 c4 14. Bc2 Bb7 15. Nbd2 Re8 16. Nf1 Nd7 17. Ng3 g6 18. Bf4 Bf8 19. Qd2 Qe7 20. e5 dxe5 21. d5 Ncb8 22. Nxe5 Qc5 23. Rad1 Bg7 24. Ng4 Rf8 25. Bh6 Qb6 26. Bxg7 Kxg7 27. Qh6+ Kg8 28. Nh5 1-0

[Event "HUN-chT2 Charousek 1213"]
[Site "Hungary"]
[Date "2013.02.17"]
[Round "7"]
[White "Boronyak, Arpad"]
[Black "Fehervari, Istvan"]
[Result "1-0"]
[WhiteElo "2213"]
[BlackElo "1993"]
[PlyCount "75"]
[EventDate "2012.09.16"]
[EventType "team-tourn"]
[EventRounds "11"]
[EventCountry "HUN"]
[SourceTitle "EXT 2014"]
[Source "ChessBase"]
[SourceDate "2013.11.20"]
[SourceVersion "1"]
[SourceVersionDate "2013.11.20"]
[SourceQuality "1"]
[WhiteTeam "Csuti"]
[BlackTeam "Fehervar"]
[WhiteTeamCountry "HUN"]
[BlackTeamCountry "HUN"]

1. e4 e5 2. Bc4 Nf6 3. d3 d6 4. Nf3 Be7 5. 0-0 0-0 6. c3 Nc6 7. Bb3 h6 8. Re1 Re8 9. Nbd2 Bf8 10. Nf1 Na5 11. Bc2 c5 12. Ne3 g6 13. Nd5 Nc6 14. h3 Be6 15. Nxf6+ Qxf6 16. Be3 Red8 17. Qd2 Kh7 18. d4 cxd4 19. cxd4 Bd7 20. d5 Ne7 21. Nh2 g5 22. Bd3 Ng6 23. Ng4 Qe7 24. g3 f6 25. Kg2 Bg7 26. Rac1 Rdc8 27. Qb4 h5 28. Nh2 a6 29. Bb6 Rxc1 30. Rxc1 Rc8 31. Rc3 Bf8 32. Nf1 Rxc3 33. Qxc3 Qe8 34. Ne3 h4 35. Qc7 Kh6 36. Qxb7 hxg3 37. fxg3 Bb5 38. Ng4+ 1-0

[Event "HUN-chT2 Charousek 1112"]
[Site "Hungary"]
[Date "2012.04.22"]
[Round "9"]
[White "Toth, Andras1111"]
[Black "Fehervari, Istvan"]
[Result "1-0"]
[WhiteElo "2096"]
[BlackElo "1999"]
[PlyCount "47"]
[EventDate "2011.09.25"]
[EventType "team-tourn"]
[EventRounds "11"]
[EventCountry "HUN"]
[SourceTitle "EXT 2013"]
[Source "ChessBase"]
[SourceDate "2012.11.22"]
[SourceVersion "1"]
[SourceVersionDate "2012.11.22"]
[SourceQuality "1"]
[WhiteTeam "Budapest MTK"]
[BlackTeam "Fehervar"]
[WhiteTeamCountry "HUN"]
[BlackTeamCountry "HUN"]

1. d4 Nf6 2. c4 e6 3. Nc3 c5 4. d5 exd5 5. cxd5 d6 6. e4 g6 7. f4 Bg7 8. Bb5+ Nfd7 9. a4 0-0 10. Nf3 b6 11. 0-0 a6 12. Bd3 Re8 13. Nd2 Qc7 14. Nc4 Bd4+ 15. Be3 Bxe3+ 16. Nxe3 Nf6 17. Qf3 Bb7 18. Rae1 Nbd7 19. Nc4 Nh5 20. g4 Ng7 21. e5 dxe5 22. fxe5 Nxe5 23. Nxe5 Rxe5 24. Rxe5 1-0

[Event "HUN-chT2 Asztalos 1011"]
[Site "Hungary"]
[Date "2011.05.01"]
[Round "10.8"]
[White "Galambos, Menyhert"]
[Black "Fehervari, Istvan"]
[Result "1/2-1/2"]
[WhiteElo "1921"]
[BlackElo "2015"]
[PlyCount "62"]
[EventDate "2010.09.12"]
[EventType "team-tourn"]
[EventRounds "11"]
[EventCountry "HUN"]
[SourceTitle "EXT 2012"]
[Source "ChessBase"]
[SourceDate "2011.11.24"]
[SourceVersion "1"]
[SourceVersionDate "2011.11.24"]
[SourceQuality "1"]
[WhiteTeam "Baja"]
[BlackTeam "Fehervar"]
[WhiteTeamCountry "HUN"]
[BlackTeamCountry "HUN"]

1. d4 Nf6 2. c4 e6 3. Nc3 c5 4. d5 exd5 5. cxd5 d6 6. e4 g6 7. h3 Bg7 8. Nf3 0-0 9. Bg5 Re8 10. Bd3 Na6 11. a3 Nc7 12. 0-0 b6 13. Qd2 Qd7 14. Rfe1 Bb7 15. Rab1 b5 16. b4 c4 17. Bc2 a6 18. Nd4 Kh8 19. Bh6 Bxh6 20. Qxh6 Ng8 21. Qh4 f6 22. Qg3 Re7 23. Rbd1 Rae8 24. f4 Nh6 25. Nf3 Rg7 26. Qh4 Ng8 27. e5 fxe5 28. fxe5 dxe5 29. Nxe5 Qd6 30. Qf4 Qf6 31. Qxf6 Nxf6 1/2-1/2

[Event "HUN-chT2 Asztalos 1011"]
[Site "Hungary"]
[Date "2010.11.07"]
[Round "5.9"]
[White "Csire, Bence"]
[Black "Fehervari, Istvan"]
[Result "1-0"]
[WhiteElo "1870"]
[BlackElo "2015"]
[PlyCount "139"]
[EventDate "2010.09.12"]
[EventType "team-tourn"]
[EventRounds "11"]
[EventCountry "HUN"]
[SourceTitle "EXT 2012"]
[Source "ChessBase"]
[SourceDate "2011.11.24"]
[SourceVersion "1"]
[SourceVersionDate "2011.11.24"]
[SourceQuality "1"]
[WhiteTeam "Szekesfehervar"]
[BlackTeam "Fehervar"]
[WhiteTeamCountry "HUN"]
[BlackTeamCountry "HUN"]

1. e4 e5 2. Nf3 Nc6 3. Bb5 a6 4. Ba4 Nf6 5. 0-0 Be7 6. Re1 b5 7. Bb3 d6 8. c3 0-0 9. h3 Nb8 10. d4 Nbd7 11. Nbd2 Bb7 12. Bc2 Re8 13. Nf1 Bf8 14. Ng3 g6 15. a4 c5 16. d5 c4 17. Bg5 h6 18. Be3 Nc5 19. Bxc5 dxc5 20. Qe2 Qc7 21. Ra2 Nd7 22. Rea1 Nb6 23. axb5 axb5 24. Qe1 Bd6 25. Qc1 Kg7 26. Nh2 Be7 27. Rxa8 Rxa8 28. Rxa8 Bxa8 29. Ng4 Bg5 30. Qa1 b4 31. Qa5 b3 32. Bd1 Bd8 33. Ne3 Bb7 34. Qb5 Qc8 35. Nxc4 Nxc4 36. Qxc4 Ba6 37. Qxb3 h5 38. c4 Ba5 39. Qa4 Qc7 40. b3 Bc8 41. Nf1 Bd7 42. Qa2 Bc3 43. g4 hxg4 44. Bxg4 f5 45. exf5 gxf5 46. Bf3 Qb6 47. Bg2 f4 48. Nh2 Bf5 49. Ng4 Bd4 50. Qe2 Qd6 51. Be4 Qg6 52. Bxf5 Qxf5 53. Qa2 e4 54. Qa7+ Kf8 55. Qb8+ Kg7 56. Qc7+ Kg6 57. Qd6+ Kg7 58. Qe7+ Kg6 59. d6 e3 60. d7 exf2+ 61. Nxf2 Qb1+ 62. Kh2 Bxf2 63. Qe6+ Kg7 64. Qg4+ Kh7 65. d8Q Bg3+ 66. Kg2 Qb2+ 67. Kf3 Qxb3+ 68. Ke4 Qxc4+ 69. Kf5 Qc2+ 70. Ke6 1-0

[Event "HUN-chT2 Charousek 0910"]
[Site "Hungary"]
[Date "2009.11.08"]
[Round "1"]
[White "Fehervari, Istvan"]
[Black "Jankai, Zoltan"]
[Result "0-1"]
[WhiteElo "2035"]
[BlackElo "1894"]
[PlyCount "96"]
[EventDate "2009.11.08"]
[EventType "team-tourn"]
[EventRounds "11"]
[EventCountry "HUN"]
[SourceTitle "EXT 2011"]
[Source "ChessBase"]
[SourceDate "2010.11.26"]
[SourceVersion "1"]
[SourceVersionDate "2010.11.26"]
[SourceQuality "1"]
[WhiteTeam "Fehervar"]
[BlackTeam "Alsoszolnok"]
[WhiteTeamCountry "HUN"]
[BlackTeamCountry "HUN"]

1. d4 d5 2. Nf3 Nf6 3. e3 e6 4. Bd3 c5 5. b3 Be7 6. 0-0 0-0 7. Nbd2 a6 8. Bb2 b5 9. dxc5 Bxc5 10. Ne5 Nbd7 11. Re1 Nxe5 12. Bxe5 Bd6 13. Bxd6 Qxd6 14. e4 Qf4 15. g3 Qh6 16. e5 Nd7 17. Nf3 Bb7 18. Nd4 Qh3 19. Bf1 Qh6 20. Qg4 Rac8 21. Re3 Rc7 22. Rae1 Rfc8 23. f4 Qg6 24. Qh4 Qh6 25. Qxh6 gxh6 26. f5 Re8 27. Bh3 Nf8 28. g4 Kg7 29. R1e2 Kh8 30. Bf1 Nd7 31. Bh3 Nf8 32. Bf1 Nd7 33. f6 Rg8 34. Rg2 Nb8 35. Rh3 Nc6 36. c3 Nxe5 37. Rxh6 Nxg4 38. Rh3 Nxf6 39. Be2 Rxg2+ 40. Kxg2 e5 41. Nf3 Rxc3 42. Nxe5 d4+ 43. Bf3 Bxf3+ 44. Nxf3 Rc2+ 45. Kf1 d3 46. Ne5 Rc1+ 47. Kf2 d2 48. Rg3 Ne4+ 0-1